UBT Library

Modern nutrition in health and disease: (Record no. 1777)

000 -LEADER
fixed length control field 00334nam a22001217a 4500
008 - FIXED-LENGTH DATA ELEMENTS--GENERAL INFORMATION
fixed length control field 160504b xxu||||| |||| 00| 0 eng d
020 ## - INTERNATIONAL STANDARD BOOK NUMBER
International Standard Book Number 9780812117516
020 ## - INTERNATIONAL STANDARD BOOK NUMBER
International Standard Book Number 0812117514
041 ## - LANGUAGE CODE
Language code of text/sound track or separate title eng
080 ## - UNIVERSAL DECIMAL CLASSIFICATION NUMBER
Universal Decimal Classification number 612.39
245 ## - TITLE STATEMENT
Title Modern nutrition in health and disease:
Statement of responsibility, etc Maurice E. Shils; James A. Olson; Moshe shike;
942 ## - ADDED ENTRY ELEMENTS (KOHA)
Source of classification or shelving scheme
Item type Books
Holdings
Withdrawn status Lost status Source of classification or shelving scheme Damaged status Not for loan Collection code Permanent location Current location Shelving location Date acquired Total Checkouts Full call number Barcode Date last seen Price effective from Koha item type
                  05/04/2016       05/04/2016 05/04/2016 Books
          Koleksioni i përgjithshem UBT - Lipjan UBT - Lipjan Koleksioni i përgjithshem 05/04/2016   612.39 SHIL 002-035477 05/04/2016 05/04/2016 Books
            UBT - Lipjan UBT - Lipjan   05/04/2016       05/04/2016 05/04/2016 Books
UBT Library © 2015-2024. All rights reserved University Education for Business and Technology